Tự khúc : Thơ
Guardat en:
| Autor principal: | |
|---|---|
| Format: | Llibre |
| Idioma: | Undetermined |
| Publicat: |
Trà Vinh
Hội văn học nghệ thuật Trà Vinh
2006
|
| Matèries: | |
| Etiquetes: |
Afegir etiqueta
Sense etiquetes, Sigues el primer a etiquetar aquest registre!
|
| Thư viện lưu trữ: | Trung tâm Học liệu Trường Đại học Cần Thơ |
|---|
| LEADER | 00575nam a2200205Ia 4500 | ||
|---|---|---|---|
| 001 | CTU_190309 | ||
| 008 | 210402s9999 xx 000 0 und d | ||
| 082 | |a 895.92214 | ||
| 082 | |b T121 | ||
| 100 | |a Lê, Tân | ||
| 245 | 0 | |a Tự khúc : | |
| 245 | 0 | |b Thơ | |
| 245 | 0 | |c Lê Tân | |
| 260 | |a Trà Vinh | ||
| 260 | |b Hội văn học nghệ thuật Trà Vinh | ||
| 260 | |c 2006 | ||
| 650 | |a Vietnamese poetry,Thơ Việt Nam | ||
| 650 | |y 21st century,Thế kỷ 21 | ||
| 910 | |a Hải | ||
| 980 | |a Trung tâm Học liệu Trường Đại học Cần Thơ | ||